Europa - rzeki, góry, jeziora i inne - Statystyki

Ogólne statystyki
  • Ten quiz został rozwiązany 441 razy
  • Średni wynik to 6 z 10
Statystyki odpowiedzi
Hint Odpowiedź % Poprawnych
Wołga Rzeka
95%
Największe pasmo górskie Alpy
89%
... Bałtyckie Morze
86%
Ocean ... (od zachodu) Atlantycki
79%
Hańcza Jezioro
74%
Morze znajdujące się na wschód od Wielkiej Brytanii i na zachód od Danii Północne
68%
Największa góra Mont Blanc
54%
Wschodnio - europejska lub Polska Nizina
46%
Góry Skandynawskie Pasmo górskie
27%
Największa zatoka Botnicka
24%
Nie znaleziono quizów pasujących do podanych kryteriów
Rozkład punktacji
Procent ludzi z każdym wynikiem
Percentyl według liczby udzielonych odpowiedzi
Twoja historia wyników
Nie rozwiązałeś tego quizu